Active listening Self study audio CD Level 2
Tallennettuna:
| Päätekijä: | |
|---|---|
| Muut tekijät: | |
| Aineistotyyppi: | Kirja |
| Kieli: | English |
| Julkaistu: |
Cambridge [England] New York
Cambridge University Press
2007.
|
| Painos: | 2nd ed. |
| Aiheet: | |
| Tagit: |
Lisää tagi
Ei tageja, Lisää ensimmäinen tagi!
|
| Thư viện lưu trữ: | Trung tâm Học liệu Lê Vũ Hùng, Trường Đại học Đồng Tháp |
|---|
| LEADER | 01785pmm a22003018a 4500 | ||
|---|---|---|---|
| 001 | 00030245 | ||
| 005 | 20171026081022.0 | ||
| 008 | 130103s2007 ||||||engsd | ||
| 020 | # | # | |a 9780521678179 |
| 041 | 0 | # | |a eng |
| 082 | 1 | 4 | |a 428 |b A101L |
| 100 | 1 | # | |a Brown, Steven, |d 1952- |
| 245 | 1 | 0 | |a Active listening |b Self study audio CD Level 2 |c Steven Brown, Dorolyn Smith. |h nguồn liệu điện tử] |
| 250 | # | # | |a 2nd ed. |
| 260 | # | # | |a Cambridge [England] |a New York |b Cambridge University Press |c 2007. |
| 300 | # | # | |c 4 3/4 in. |e sách |a 1 CD |
| 653 | # | # | |a Kỹ năng nghe |
| 653 | # | # | |a Đĩa CD |
| 653 | # | # | |a Tiếng Anh |
| 653 | # | # | |a Listening |
| 700 | 1 | # | |a Smith, Dorolyn. |
| 852 | # | # | |j DPT.0001475 |j DPT.0001476 |j DPT.0000421 |j DPT.0000422 |j DPT.0000424 |j DPT.0000427 |j DPT.0000429 |j DPT.0000430 |j DPT.0000432 |j DPT.0001468 |j DPT.0001469 |j DPT.0001472 |j DPT.0001473 |j DPT.0000434 |j DPT.0000435 |j DPT.0000436 |j DPT.0000440 |j DPT.0000441 |j DPT.0000443 |j DPT.0000444 |j DPT.0000446 |j DPT.0000449 |j DPT.0000277 |j DPT.0000425 |j DPT.0000426 |j DPT.0000438 |j DPT.0000439 |j DPT.0000447 |j DPT.0000448 |j DPT.0001470 |j DPT.0001471 |j DPT.0000423 |j DPT.0000428 |j DPT.0000431 |j DPT.0000433 |j DPT.0000437 |j DPT.0000442 |j DPT.0000445 |j DPT.0001467 |j DPT.0001474 |
| 852 | # | # | |b Kho đa phương tiện |j DPT.0000277, DPT.0000433, DPT.0000434, DPT.0000435, DPT.0000436, DPT.0000437, DPT.0000438, DPT.0000439, DPT.0000440, DPT.0000441, DPT.0000442, DPT.0000443, DPT.0000444, DPT.0000445, DPT.0000446, DPT.0000447, DPT.0000448, DPT.0000449, DPT.0001467, DPT.0001468, DPT.0001469, DPT.0001470, DPT.0001471, DPT.0001472, DPT.0001473, DPT.0001474, DPT.0001475, DPT.0001476 |
| 910 | |d 03/01/2013 | ||
| 980 | # | # | |a Trung tâm Học liệu Lê Vũ Hùng, Trường Đại học Đồng Tháp |


